[Event "Primorsko op"]
[Site "Primorsko"]
[Date "2020.09.16"]
[Round "3"]
[White "Tilicheev, Viacheslav"]
[Black "Nikolov, Sasho"]
[Result "0-1"]
[WhiteElo "2508"]
[BlackElo "2345"]
[PlyCount "72"]
[EventDate "2020.09.14"]
[EventType "swiss"]
[EventRounds "9"]
[EventCountry "BUL"]
[SourceTitle "CBM 198 Extra"]
[Source "ChessBase"]
[SourceDate "2020.11.30"]
[SourceVersion "1"]
[SourceVersionDate "2020.11.30"]
[SourceQuality "1"]

1. d4 Nf6 2. Bg5 e6 3. Nd2 Be7 4. e4 d6 5. Ngf3 Nc6 6. Bb5 0-0 7. 0-0 h6 8. Bxf6 Bxf6 9. c3 a5 10. Re1 e5 11. Bxc6 bxc6 12. dxe5 dxe5 13. Qa4 Qe8 14. Nc4 Bg4 15. Nfd2 Bd7 16. Rad1 Bg4 17. f3 Bc8 18. b4 Bh4 19. g3 Bg5 20. Nxa5 Bh3 21. Qxc6 Qxc6 22. Nxc6 Rxa2 23. Nc4 Rfa8 24. N4a5 Rg2+ 25. Kh1 Bd2 26. Rg1 Re2 27. Ne7+ Kh7 28. Nd5 c6 29. Nb6 Ra6 30. Nbc4 Bxc3 31. g4 Rf2 32. Rb1 Bd4 33. Rg3 Bf1 34. Nd6 Be2 35. Rc1 Be3 36. Nxf7 Bxc1 0-1

[Event "Primorsko op"]
[Site "Primorsko"]
[Date "2020.09.14"]
[Round "1"]
[White "Kostov, Kiril"]
[Black "Nikolov, Sasho"]
[Result "0-1"]
[WhiteElo "1878"]
[BlackElo "2345"]
[PlyCount "66"]
[EventDate "2020.09.14"]
[EventType "swiss"]
[EventRounds "9"]
[EventCountry "BUL"]
[SourceTitle "CBM 198 Extra"]
[Source "ChessBase"]
[SourceDate "2020.11.30"]
[SourceVersion "1"]
[SourceVersionDate "2020.11.30"]
[SourceQuality "1"]

1. e4 c6 2. d4 d5 3. Nc3 a6 4. Nf3 Bg4 5. Be2 e6 6. a3 Nf6 7. Bg5 Be7 8. e5 Nfd7 9. Bxe7 Qxe7 10. b4 a5 11. Na2 axb4 12. axb4 0-0 13. 0-0 Na6 14. c3 Nc7 15. Qc1 Ra7 16. Qb2 Rfa8 17. h3 Bxf3 18. gxf3 Qg5+ 19. Kh2 f6 20. b5 cxb5 21. exf6 Nxf6 22. Rg1 Qf4+ 23. Kh1 e5 24. Rg3 b4 25. Qxb4 Rxa2 26. Rag1 Nh5 27. Rg4 Qf8 28. Qxb7 Rxe2 29. Qxc7 Qxf3+ 30. R4g2 Qxh3+ 31. Rh2 Ng3+ 32. Rxg3 Re1+ 33. Rg1 Rxg1+ 0-1